|
|
|
|
| LEADER |
01636nam a2200397 i 4500 |
| 001 |
EBC6695247 |
| 003 |
MiAaPQ |
| 005 |
20220429105330.0 |
| 006 |
m o d | |
| 007 |
cr cnu|||||||| |
| 008 |
220429s2014 gw o 000 0 eng d |
| 020 |
|
|
|z 9783837614855
|q (print)
|
| 020 |
|
|
|a 9783839414859
|q (electronic bk.)
|
| 035 |
|
|
|a (MiAaPQ)EBC6695247
|
| 035 |
|
|
|a (Au-PeEL)EBL6695247
|
| 035 |
|
|
|a (OCoLC)890000654
|
| 040 |
|
|
|a MiAaPQ
|b eng
|e rda
|e pn
|c MiAaPQ
|d MiAaPQ
|
| 050 |
|
4 |
|a E169.1
|b .P385 2014
|
| 082 |
0 |
|
|a 973
|2 23
|
| 100 |
1 |
|
|a Paul, Heike,
|e author.
|
| 245 |
1 |
4 |
|a The myths that made America :
|b an introduction to American studies /
|c Heike Paul.
|
| 264 |
|
1 |
|a Bielefeld :
|b Transcript Verlag,
|c [2014]
|
| 264 |
|
4 |
|c Ã2014
|
| 300 |
|
|
|a 1 online resource (451 pages).
|
| 336 |
|
|
|a text
|b txt
|2 rdacontent
|
| 337 |
|
|
|a computer
|b c
|2 rdamedia
|
| 338 |
|
|
|a online resource
|b cr
|2 rdacarrier
|
| 490 |
1 |
|
|a American Studies ;
|v Volume 1
|
| 588 |
|
|
|a Description based on print version record.
|
| 590 |
|
|
|a Electronic reproduction. Ann Arbor, MI : ProQuest, 2018. Available via World Wide Web. Access may be limited to ProQuest affiliated libraries.
|
| 650 |
|
0 |
|a National characteristics, American.
|
| 655 |
|
4 |
|a Electronic books.
|
| 776 |
0 |
8 |
|i Print version:
|a Paul, Heike.
|t Myths that made America : an introduction to American studies.
|d Bielefeld : Transcript Verlag, c2014
|h 451 pages
|k American studies ; Volume 1.
|z 9783837614855
|
| 797 |
2 |
|
|a ProQuest (Firm)
|
| 830 |
|
0 |
|a American studies ;
|v Volume 1.
|
| 856 |
4 |
0 |
|u https://ebookcentral.proquest.com/lib/matrademy/detail.action?docID=6695247
|z Click to View
|